000
00322nam a22001337a 4500
008
171010b xxu||||| |||| 00| 0 eng d
020
_a
2900205520960
041
_a
eng
080
_2
7TH
_a
316
100
_a
50
101
_a
SOC
245
_a
SOCIAL WORK SOCIAL WELFARE AND AMERICAN SOCIETY
_c
POPPLE,P.R
942
_2
udc
_c
BK
999
_c
32958
_d
32958